[Event "2BLN 2223 FC St. Pauli - HSK Lister Turm"]
[Site "?"]
[Date "2023.03.19"]
[Round "10.1"]
[White "Schneider, Ilja"]
[Black "Socko, Bartosz"]
[Result "1/2-1/2"]
[WhiteElo "2474"]
[BlackElo "2618"]
[PlyCount "85"]
[EventDate "2023.??.??"]

1. e4 c6 2. d4 d5 3. exd5 cxd5 4. c4 e6 5. Nc3 Nf6 6. Nf3 Be7 7. Bd3 O-O 8. cxd5 Nxd5 9. O-O Nc6 10. Re1 Nxc3 11. bxc3 Bf6 12. Ba3 Re8 13. Be4 g6 14. Bxc6 bxc6 15. Qa4 Qc7 16. Ne5 Bd7 17. Bc5 Reb8 18. Qa3 Qd8 19. Rab1 Rxb1 20. Rxb1 Rb8 21. Rb3 Be8 22. Ng4 Bg7 23. Be7 Rxb3 24. axb3 Qc7 25. Bd6 Qb7 26. Be5 c5 27. Bxg7 Kxg7 28. Qc1 Qe7 29. Qh6+ Kg8 30. Qf4 f5 31. Ne5 Qb7 32. h4 cxd4 33. Qxd4 Qxb3 34. Qd8 Qb5 35. c4 Qxe5 36. Qxe8+ Kg7 37. Qe7+ Kh6 38. Qg5+ Kg7 39. Qe7+ Kh6 40. c5 Qe1+ 41. Kh2 Qxf2 42. Qg5+ Kg7 43. Qe7+ 1/2-1/2

[Event "2BLN 2223 FC St. Pauli - HSK Lister Turm"]
[Site "?"]
[Date "2023.03.19"]
[Round "10.2"]
[White "Janik, Igor"]
[Black "Abel, Dennes"]
[Result "1-0"]
[WhiteElo "2527"]
[BlackElo "2403"]
[PlyCount "81"]
[EventDate "2023.??.??"]

1. e4 c6 2. Nf3 d5 3. d3 g6 4. e5 Bg7 5. Bf4 Bg4 6. Nbd2 Nd7 7. d4 f6 8. exf6 Ngxf6 9. Be2 Nh5 10. Bg5 h6 11. Be3 O-O 12. h3 Bxf3 13. Bxf3 e5 14. Nb3 Nf4 15. O-O h5 16. Bxf4 Rxf4 17. g3 Rf7 18. c3 a5 19. a4 Qb6 20. Bg2 Raf8 21. Qc2 h4 22. gxh4 exd4 23. Nxd4 Bxd4 24. cxd4 Qxd4 25. Ra3 Ne5 26. Qe2 Rf5 27. Re3 R8f7 28. Rd1 Qf4 29. Re1 Nd7 30. Rg3 Re5 31. Qf1 Kg7 32. Rxe5 Qxe5 33. Qd3 Rf5 34. Qd2 Qf6 35. h5 Rxh5 36. Qxa5 Qxb2 37. Qc7 Qb1+ 38. Bf1 Rf5 39. Qxd7+ Rf7 40. Qg4 Qc2 41. Qd4+ 1-0

[Event "2BLN 2223 FC St. Pauli - HSK Lister Turm"]
[Site "?"]
[Date "2023.03.19"]
[Round "10.3"]
[White "Petkidis, Anthony"]
[Black "Feuerstack, Aljoscha"]
[Result "1-0"]
[WhiteElo "2431"]
[BlackElo "2463"]
[PlyCount "99"]
[EventDate "2023.??.??"]

1. e4 c6 2. d4 d5 3. e5 c5 4. dxc5 e6 5. a3 Bxc5 6. b4 Be7 7. Nf3 a5 8. b5 Nd7 9. c4 Qc7 10. Bf4 Nb6 11. Nbd2 Bd7 12. cxd5 Nxd5 13. Bg3 Rc8 14. Bc4 Nb6 15. Bd3 h5 16. Ne4 h4 17. Bf4 Nd5 18. Bd2 Nh6 19. O-O Ng4 20. Rc1 Qb8 21. Rxc8+ Bxc8 22. Qa1 h3 23. g3 b6 24. Nd6+ Bxd6 25. exd6 O-O 26. Ne5 Ngf6 27. Nc4 a4 28. Qd4 Bd7 29. Rb1 Rc8 30. Bf1 Rc5 31. Ne5 Qxd6 32. Bb4 Bxb5 33. Bxh3 Ba6 34. Bxc5 bxc5 35. Qb2 Nc7 36. Rc1 Nb5 37. Nc4 Qd3 38. Bf1 Qb3 39. Qxb3 axb3 40. Nd2 b2 41. Re1 Nd5 42. a4 Nbc7 43. Bxa6 Nxa6 44. Nc4 f5 45. Nxb2 Kf7 46. Nc4 g5 47. h4 g4 48. a5 Kf6 49. Kg2 Ndb4 50. h5 1-0

[Event "2BLN 2223 FC St. Pauli - HSK Lister Turm"]
[Site "?"]
[Date "2023.03.19"]
[Round "10.4"]
[White "Krause, Benedict"]
[Black "Pfreundt, Jakob"]
[Result "0-1"]
[WhiteElo "2421"]
[BlackElo "2407"]
[PlyCount "84"]
[EventDate "2023.??.??"]

1. e4 e6 2. d4 d5 3. Nc3 Nf6 4. e5 Nfd7 5. f4 c5 6. Nf3 Nc6 7. Be3 cxd4 8. Nxd4 Qb6 9. Qd2 Qxb2 10. Rb1 Qa3 11. Bb5 Nxd4 12. Bxd4 a6 13. Bxd7+ Bxd7 14. Rb3 Qe7 15. Rxb7 Rc8 16. O-O Qd8 17. Rfb1 Bc5 18. Bxc5 Rxc5 19. Ne2 O-O 20. Nd4 Qc8 21. Qb4 Rc4 22. Qb6 Bb5 23. Re7 h6 24. Qa7 Qb8 25. Qxb8 Rxb8 26. c3 g6 27. Rb3 Rbc8 28. Ra3 Rxc3 29. Nxb5 Rxa3 30. Nxa3 Rc3 31. Nb5 axb5 32. Rb7 Rc4 33. g3 Ra4 34. Rxb5 Rxa2 35. h4 g5 36. Rb8+ Kg7 37. Rb7 gxf4 38. gxf4 Re2 39. Rb3 Kg6 40. Rg3+ Kf5 41. Rg7 Kxf4 42. Rxf7+ Kg3 0-1

[Event "2BLN 2223 FC St. Pauli - HSK Lister Turm"]
[Site "?"]
[Date "2023.03.19"]
[Round "10.5"]
[White "Hampel, Felix"]
[Black "Krause, Jonah"]
[Result "0-1"]
[WhiteElo "2318"]
[BlackElo "2386"]
[PlyCount "174"]
[EventDate "2023.??.??"]

1. c4 g6 2. Nf3 Bg7 3. d4 Nf6 4. g3 c6 5. Nc3 d5 6. Qb3 dxc4 7. Qxc4 O-O 8. Bg2 Bf5 9. O-O Nbd7 10. a4 a5 11. h3 Qb6 12. g4 Be6 13. Qd3 Rfd8 14. e4 Qb4 15. Qc2 Bb3 16. Qb1 h5 17. g5 Ne8 18. Bd2 Qd6 19. Be3 e5 20. d5 Bc4 21. Rd1 Qc7 22. Nd2 Ba6 23. Qa2 Bf8 24. Rac1 Bc5 25. Re1 Bxe3 26. Rxe3 Qd6 27. Rd1 Qe7 28. h4 Nb6 29. Bf1 Bxf1 30. Nxf1 Qb4 31. Red3 cxd5 32. Nxd5 Nxd5 33. Rxd5 Rxd5 34. Qxd5 Qxb2 35. Rd3 Nc7 36. Qc4 Ne6 37. Rd7 Qb4 38. Qxb4 axb4 39. Rxb7 Rxa4 40. Nd2 Nd4 41. Kg2 Ne6 42. Nc4 b3 43. Nxe5 Rxe4 44. Nf3 Nc5 45. Rb5 Rc4 46. Nd2 Rc3 47. Kf1 Kf8 48. Ke2 Ne6 49. Rb4 Nc5 50. Ne4 Rc2+ 51. Ke3 Nxe4 52. Rxe4 Rc3+ 53. Ke2 Rh3 54. Rb4 Ke7 55. f3 b2 56. Ke3 Rh2 57. Kd3 Kd6 58. Rb5 Ke6 59. Ke3 Kd7 60. Kd3 Kc6 61. Rb3 Kc5 62. Rb7 Rg2 63. Rb8 Kd6 64. Rb5 Rh2 65. Rb7 Ke5 66. Ke3 Rc2 67. Rb5+ Ke6 68. Kd3 Rh2 69. Ke3 Kd6 70. Kd3 Rxh4 71. Rxb2 Ra4 72. Ke3 Ra5 73. f4 Ke6 74. Rb3 Kf5 75. Kf3 h4 76. Re3 h3 77. Kg3 h2 78. Re1 Ra3+ 79. Kxh2 Kg4 80. f5 Ra2+ 81. Kg1 gxf5 82. Re7 f4 83. Rxf7 Kg3 84. Kf1 f3 85. Ke1 f2+ 86. Kf1 Ra1+ 87. Ke2 Re1+ 0-1

[Event "2BLN 2223 FC St. Pauli - HSK Lister Turm"]
[Site "?"]
[Date "2023.03.19"]
[Round "10.6"]
[White "Sawatzki, Frank"]
[Black "Schulze, Torben"]
[Result "1/2-1/2"]
[WhiteElo "2359"]
[BlackElo "2325"]
[PlyCount "28"]
[EventDate "2023.??.??"]

1. e4 c6 2. d4 d5 3. e5 c5 4. dxc5 e6 5. Nf3 Bxc5 6. Bd3 Nc6 7. O-O Nge7 8. Nbd2 Ng6 9. Nb3 Bb6 10. Re1 O-O 11. Bxg6 fxg6 12. Be3 Bc7 13. Bg5 Qe8 14. Nbd4 h6 1/2-1/2

[Event "2BLN 2223 FC St. Pauli - HSK Lister Turm"]
[Site "?"]
[Date "2023.03.19"]
[Round "10.7"]
[White "Pubantz, Jan"]
[Black "Mueller, Fabian"]
[Result "0-1"]
[WhiteElo "2310"]
[BlackElo "2308"]
[PlyCount "100"]
[EventDate "2023.??.??"]

1. d4 e6 2. c4 f5 3. Nc3 Nf6 4. Nf3 Bb4 5. Bd2 O-O 6. e3 b6 7. Bd3 Bb7 8. O-O d6 9. a3 Bxc3 10. Bxc3 Ne4 11. Be1 Rf6 12. Nd2 Rg6 13. f3 Qg5 14. Qe2 Nf6 15. g4 fxg4 16. f4 Qh5 17. Bg3 Nbd7 18. e4 Qh3 19. Rf2 Nh5 20. Qe3 Nxg3 21. Qxg3 Rf8 22. Re1 Rh6 23. Re3 Nf6 24. Bf1 Qh4 25. Bg2 g5 26. e5 Bxg2 27. Qxg2 Nh5 28. fxg5 Qxg5 29. Rxf8+ Kxf8 30. Qf2+ Qf4 31. Re4 Qxf2+ 32. Kxf2 Rg6 33. Nf1 Ng7 34. Ne3 dxe5 35. dxe5 h5 36. c5 Rg5 37. cxb6 axb6 38. Kg3 Nf5+ 39. Kf4 g3 40. hxg3 Rxg3 41. Nxf5 Rg4+ 42. Kf3 Rxe4 43. Kxe4 exf5+ 44. Kxf5 Ke7 45. Kg5 Ke6 46. Kxh5 Kxe5 47. Kg4 Ke4 48. b4 b5 49. Kg5 Kd4 50. Kf5 Kc4 0-1

[Event "2BLN 2223 FC St. Pauli - HSK Lister Turm"]
[Site "?"]
[Date "2023.03.19"]
[Round "10.8"]
[White "Voigt, Martin"]
[Black "von Mettenheim, Johannes"]
[Result "0-1"]
[WhiteElo "2323"]
[BlackElo "2298"]
[PlyCount "70"]
[EventDate "2023.??.??"]

1. e4 c6 2. d4 d5 3. Nc3 dxe4 4. Nxe4 Nf6 5. Nxf6+ exf6 6. c3 Bd6 7. Bd3 O-O 8. Qc2 c5 9. Ne2 g6 10. Bh6 Re8 11. O-O-O Qc7 12. h4 Nc6 13. h5 g5 14. dxc5 Bxc5 15. f4 Rxe2 16. Qxe2 Qxf4+ 17. Kb1 Bg4 18. Qf1 Bf2 19. Bc2 Bxd1 20. Qxd1 Rd8 21. Qe2 Bg3 22. a3 Qe5 23. Qc4 Qe6 24. Qb5 Qd5 25. Qa4 Qxg2 26. Rd1 Rxd1+ 27. Bxd1 Qf1 28. Qg4 Ne7 29. Ka2 Nf5 30. Bxg5 fxg5 31. Bc2 Qf4 32. Qe2 Ne3 33. Bb3 h6 34. Qb5 b6 35. Qd3 Kg7 0-1

[Event "2BLN 2223 Hamburger SK II - SV Werder Br"]
[Site "?"]
[Date "2023.03.19"]
[Round "10.1"]
[White "Nyback, Tomi"]
[Black "Souleidis, Georgios"]
[Result "1-0"]
[WhiteElo "2574"]
[BlackElo "2422"]
[PlyCount "127"]
[EventDate "2023.??.??"]

1. Nf3 d5 2. g3 Nc6 3. d4 Bf5 4. Bg2 Nb4 5. Na3 e6 6. O-O Nc6 7. Nb1 Nb4 8. Ne1 Nf6 9. c3 Nc6 10. Bg5 Be7 11. Nd2 Ne4 12. Bxe7 Qxe7 13. Nxe4 Bxe4 14. Bxe4 dxe4 15. Qc2 f5 16. f3 exf3 17. Nxf3 O-O 18. e4 fxe4 19. Qxe4 Rf5 20. Nh4 Rxf1+ 21. Rxf1 Re8 22. Re1 Nd8 23. Ng2 Qg5 24. Nf4 c6 25. Qc2 Qf6 26. Re3 Nf7 27. Qe2 Nd8 28. Re5 g5 29. Qg4 h6 30. h4 Nf7 31. Rxe6 Rxe6 32. Qxe6 Qxe6 33. Nxe6 gxh4 34. gxh4 Nd6 35. Kg2 Kf7 36. Nc5 b6 37. Nd3 Ke6 38. Kf3 Kf5 39. Ne5 c5 40. Nc6 a6 41. dxc5 bxc5 42. Nb8 a5 43. Nd7 c4 44. Nb6 h5 45. Nd5 Ke5 46. Ne3 a4 47. a3 Nf5 48. Nxc4+ Kf6 49. Nb6 Nxh4+ 50. Kf2 Ke5 51. Nxa4 Ng6 52. b4 Nf4 53. Kg3 Ne2+ 54. Kh4 Kd5 55. b5 Nf4 56. Nb2 Kc5 57. c4 Ne6 58. Kxh5 Kd4 59. a4 Kc3 60. a5 Nc7 61. a6 Kxb2 62. a7 Na8 63. c5 Kb3 64. b6 1-0

[Event "2BLN 2223 Hamburger SK II - SV Werder Br"]
[Site "?"]
[Date "2023.03.19"]
[Round "10.2"]
[White "Peyrer, Konstantin"]
[Black "Markgraf, Alexander"]
[Result "1-0"]
[WhiteElo "2395"]
[BlackElo "2461"]
[PlyCount "81"]
[EventDate "2023.??.??"]

1. e4 c5 2. Nf3 e6 3. d4 cxd4 4. Nxd4 Nc6 5. Nc3 a6 6. Be2 Qc7 7. Nxc6 bxc6 8. Qd3 Nf6 9. Qg3 Qxg3 10. hxg3 d6 11. g4 Rb8 12. b3 Be7 13. g5 Nd7 14. Bf4 Nc5 15. e5 d5 16. O-O-O a5 17. Be3 a4 18. f4 axb3 19. cxb3 Ra8 20. Rh3 Kf8 21. Kc2 Kg8 22. g4 Nd7 23. a4 f6 24. gxf6 gxf6 25. exf6 Bxf6 26. g5 Bg7 27. Bg4 Nf8 28. Bc5 Ng6 29. Ne2 h6 30. gxh6 Rxh6 31. Rxh6 Bxh6 32. Rg1 Kh7 33. Rh1 e5 34. f5 Nh8 35. Ng3 Kg7 36. Nh5+ Kf7 37. Bd6 e4 38. Be5 Ba6 39. Nf6 Bd3+ 40. Kb2 Bd2 41. Rh7+ 1-0

[Event "2BLN 2223 Hamburger SK II - SV Werder Br"]
[Site "?"]
[Date "2023.03.19"]
[Round "10.3"]
[White "Carlstedt, Jonathan"]
[Black "Bracker, Frank"]
[Result "1-0"]
[WhiteElo "2449"]
[BlackElo "2321"]
[PlyCount "67"]
[EventDate "2023.??.??"]

1. c4 e6 2. Nf3 Nf6 3. Nc3 d5 4. e3 b6 5. b3 Bb7 6. Bb2 Nbd7 7. Qc2 dxc4 8. bxc4 c5 9. Be2 a6 10. O-O Be7 11. d4 cxd4 12. exd4 Rc8 13. Rfe1 O-O 14. Rac1 Re8 15. Qd3 Bf8 16. h3 g6 17. Qe3 Bg7 18. Red1 Qc7 19. Ba3 Bc6 20. Ne5 Nxe5 21. dxe5 Nd7 22. Bd6 Qb7 23. f3 Bf8 24. h4 Bxd6 25. Rxd6 Nc5 26. h5 Qe7 27. Rb1 Nd7 28. f4 f5 29. hxg6 hxg6 30. Qg3 Qg7 31. Nd5 b5 32. Rd1 Kf8 33. Qa3 exd5 34. cxd5 1-0

[Event "2BLN 2223 Hamburger SK II - SV Werder Br"]
[Site "?"]
[Date "2023.03.19"]
[Round "10.4"]
[White "Van Delft, Merijn"]
[Black "Meins, Gerlef"]
[Result "1/2-1/2"]
[WhiteElo "2356"]
[BlackElo "2414"]
[PlyCount "39"]
[EventDate "2023.??.??"]

1. e4 c5 2. Nf3 Nc6 3. d4 cxd4 4. Nxd4 Nf6 5. Nc3 d6 6. Bg5 e6 7. Qd2 a6 8. O-O-O Bd7 9. Kb1 Nxd4 10. Qxd4 h6 11. Bc1 Bc6 12. f4 d5 13. exd5 Nxd5 14. Bc4 Nxc3+ 15. Qxc3 Qf6 16. Qh3 Be7 17. Rhe1 O-O 18. g4 Qh4 19. Qe3 Rad8 20. h3 1/2-1/2

[Event "2BLN 2223 Hamburger SK II - SV Werder Br"]
[Site "?"]
[Date "2023.03.19"]
[Round "10.5"]
[White "Colbow, Collin"]
[Black "Colpe, Malte"]
[Result "0-1"]
[WhiteElo "2409"]
[BlackElo "2356"]
[PlyCount "54"]
[EventDate "2023.??.??"]

1. e4 e5 2. Nf3 Nf6 3. Nxe5 d6 4. Nf3 Nxe4 5. d4 d5 6. Bd3 Bd6 7. O-O O-O 8. c4 c6 9. Nc3 Nxc3 10. bxc3 dxc4 11. Bxc4 Bf5 12. Re1 Nd7 13. Bg5 Qc7 14. Be7 Bxe7 15. Rxe7 Qd6 16. Qe2 b5 17. Bb3 a5 18. Re1 a4 19. Bc2 Be6 20. Qd3 Nf6 21. R7xe6 fxe6 22. Ng5 Qf4 23. Nxe6 Rfe8 24. Re3 Qh6 25. Nc5 Ng4 26. Rxe8+ Rxe8 27. Ne4 Rxe4 0-1

[Event "2BLN 2223 Hamburger SK II - SV Werder Br"]
[Site "?"]
[Date "2023.03.19"]
[Round "10.6"]
[White "Bracker, Arne"]
[Black "Joachim, Sven"]
[Result "1/2-1/2"]
[WhiteElo "2248"]
[BlackElo "2384"]
[PlyCount "49"]
[EventDate "2023.??.??"]

1. e4 e5 2. Nf3 Nc6 3. Bb5 a6 4. Ba4 Nf6 5. O-O Be7 6. Re1 b5 7. Bb3 O-O 8. a4 Rb8 9. axb5 axb5 10. Nc3 d6 11. d3 Bg4 12. Be3 Nd4 13. Bxd4 exd4 14. Nd5 Nxd5 15. Bxd5 c5 16. h3 Be6 17. Ra7 Bxd5 18. exd5 Bf6 19. Qd2 Qb6 20. Rea1 c4 21. Qf4 Qc5 22. Qf5 Qc8 23. Qf4 Qc5 24. Qf5 Qc8 25. Qf4 1/2-1/2

[Event "2BLN 2223 Hamburger SK II - SV Werder Br"]
[Site "?"]
[Date "2023.03.19"]
[Round "10.7"]
[White "Breutigam, Martin"]
[Black "Woelk, Tom-Frederic"]
[Result "1/2-1/2"]
[WhiteElo "2350"]
[BlackElo "2289"]
[PlyCount "47"]
[EventDate "2023.??.??"]

1. d4 Nf6 2. Nf3 d5 3. e3 e6 4. Bd3 c5 5. b3 Nc6 6. Bb2 Bd6 7. Nbd2 Qc7 8. dxc5 Bxc5 9. c4 dxc4 10. Bxc4 Qe7 11. O-O O-O 12. a3 a6 13. Qc2 Bb6 14. Bc3 e5 15. Qb2 Bc7 16. e4 Rd8 17. Rfe1 Be6 18. Bxe6 Qxe6 19. Nc4 Re8 20. h3 b5 21. Ng5 Qc8 22. Nd2 Nh5 23. Nf1 Nf4 24. Rad1 1/2-1/2

[Event "2BLN 2223 Hamburger SK II - SV Werder Br"]
[Site "?"]
[Date "2023.03.19"]
[Round "10.8"]
[White "Hommer, Jeremy"]
[Black "Ewert, Hannes"]
[Result "1-0"]
[WhiteElo "2251"]
[BlackElo "2262"]
[PlyCount "79"]
[EventDate "2023.??.??"]

1. e4 e5 2. Nf3 Nc6 3. Bc4 Bc5 4. d3 Nf6 5. Nc3 O-O 6. Bg5 h6 7. Bh4 Be7 8. Bxf6 Bxf6 9. Qd2 d6 10. h3 Be6 11. Nd5 a6 12. a4 Kh7 13. O-O g6 14. b4 Bg7 15. b5 Ne7 16. bxa6 bxa6 17. Rab1 Nxd5 18. Bxd5 Bxd5 19. exd5 f5 20. Qa5 Rf7 21. Rb7 Qc8 22. Rfb1 e4 23. Nd2 exd3 24. cxd3 Bd4 25. Nc4 Qd8 26. Qd2 Qf6 27. Rc1 Re8 28. Na5 Bb6 29. Nc6 a5 30. Re1 Rxe1+ 31. Qxe1 f4 32. Rb8 f3 33. g3 Qb2 34. Re8 Qa2 35. Nd8 Rg7 36. Ne6 Rf7 37. Nf8+ Kg7 38. Qc3+ Rf6 39. Ne6+ Kh7 40. Rh8+ 1-0